000 00780nas a2200241 4500
001 BR8601775
003 BR-BrBNA
005 20231205090424.0
007 ta
008 230509b bl.|||p| |||| 00| 00por d
040 _aBR-BrBNA
_bpor
_cBiblioteca Nacional de Agricultura
041 _a(Pt)
072 _aM12
100 1 _aBarthem, R.B.
245 1 _aOcorrencia de alevinos de piramutaba (Brachyplatystoma vaillantii)na Baia de Marajo
246 1 _a[Occurrence of piramutaba fry (Brachyplathystoma vaillantii)in Marajo Bay]
650 _aPIRAMUTABA
650 _aALEVINO
650 _aRIO AMAZONAS
773 0 _tActa Amazonica (Brazil)
_xISSN 0044-5967
_g(Mar-Jun 1984), v. 14(1-2) p. 324
_wBR8601775
909 _a202311
_bLúcia
_c55
_dLúcia Elande
942 _2AGRIS
_n0
_cANA
999 _c118316
_d118316